Normal view
MARC view
Entry Personal Name
001 - CONTROL NUMBER
- control field: 1191245
003 - CONTROL NUMBER IDENTIFIER
- control field: OSt
005 - DATE AND TIME OF LATEST TRANSACTION
- control field: 20260324132943.0
008 - FIXED-LENGTH DATA ELEMENTS
- fixed length control field: 260324|| aca||aabn | a|a d
040 ## - CATALOGING SOURCE
- Original cataloging agency: OSt
- Transcribing agency: OSt
100 ## - HEADING--PERSONAL NAME
- Personal name: K.H. Schoenbach; U. Kogelschatz; K.H. Becker; R.J. Barker
670 ## - SOURCE DATA FOUND
- Source citation: Work cat.: (OSt)1789830: K.H. Schoenbach; U. Kogelschatz; K.H. Becker; R.J. Barker, Non-Equilibrium Air Plasmas at Atmospheric Pressure
